01294nam a2200289 i 4500003000900000005001700009007000300026008004100029040003000070041000800100082002700108110005100135245013100186264007100317300002700388336002700415337003300442338002800475505014100503590002800644650006700672650005600739910004000795942001400835952013800849999001700987DO-SdBNP20251118113541.0ta240418s1980 dr 000 p spa d aDO-SdBNPbspacBNPHUerda aspa 4a346.7293082bR426L2221 aRepública Dominicana. b[Leyes, etc.]9110881 aLey monetaria No. 1528. Ley general de bancos no 708. Ley orgánica del Banco Central de la República Dominicana No. 6142 / 1aSanto Domingo :bBanco Central de la República Dominicana,c1980 a72 páginas ;c22 cm. atextobtxt2rdacontent asin mediaciónbn2rdamedia avolumenbnc2rdacarrier aLey monetaria No.152/47 -- Ley General de Bancos No. 708/65 -- Ley Orgánica del Banco Central de la República Dominicana No. 6142/62 aInventariado, 2024 / DG 7aBancos centralesxLegislaciónzRepública Dominicana954908 4aBancosxLegislaciónzRepública Dominicana97047 aDG/Validado. Control de calidad MFF 2ddccLBS1 00102ddc51708PDaBNPHUbBNPHUcHDd2024-10-18edonaciónl0oBNPHU PD 346.7293082 R426Lp2024-5987r2024-10-18w2024-10-18yLBS1 c57905d57905